Essentials of Management :an international perspective (Record no. 737)

MARC details
000 -LEADER
fixed length control field 00495nam a22001817a 4500
005 - DATE AND TIME OF LATEST TRANSACTION
control field 20180813161115.0
008 - FIXED-LENGTH DATA ELEMENTS--GENERAL INFORMATION
fixed length control field 160513b xxu||||| |||| 00| 0 eng d
020 ## - INTERNATIONAL STANDARD BOOK NUMBER
ISBN 978-0-07-062030-8
041 ## - LANGUAGE CODE
Language code of text/sound track or separate title eng
082 ## - DEWEY DECIMAL CLASSIFICATION NUMBER
Item number 1981
Classification number 658.4
100 ## - MAIN ENTRY--AUTHOR NAME
Personal name Harold Koontz and Heinz Weihrich
245 ## - TITLE STATEMENT
Title Essentials of Management :an international perspective
250 ## - EDITION STATEMENT
Edition statement 7TH ED.
260 ## - PUBLICATION, DISTRIBUTION, ETC. (IMPRINT)
Place of publication New Delhi
Name of publisher Tata McGraw Hill Ltd.
300 ## - PHYSICAL DESCRIPTION
Number of Pages 460p,
650 ## - SUBJECT ADDED ENTRY--TOPICAL TERM
Topical Term Management
942 ## - ADDED ENTRY ELEMENTS (KOHA)
Koha item type Books
Holdings
Lost status Damaged status Collection code Home library Current library Shelving location Date acquired Cost, normal purchase price Full call number Accession Number Koha item type
    MANAGEMENT JRU Library JRU Library SHELF-38-B 13/05/2016 250.00 658.4 1981 Books
    MANAGEMENT JRU Library JRU Library SHELF-38-B 13/05/2016 250.00 658.4 1982 Books
      JRU Library   SHELF-70 D 13/05/2016 250.00 658.4 1983 Books
    MANAGEMENT JRU Library JRU Library SHELF-75-J 13/05/2016 250.00 658.4 1984 Books
      JRU Library   SHELF-70 D 13/05/2016 250.00 658.4 1985 Books
    MANAGEMENT JRU Library JRU Library SHELF-38-B 13/05/2016 250.00 658.4 1986 Books
      JRU Library   SHELF - 19 - J 13/05/2016 250.00 658.4 1987 Books
      JRU Library   SHELF - 19 - J 13/05/2016 250.00 658.4 1988 Books
    Reference JRU Library   SHELF-28-F 13/05/2016 250.00 658.4 1989 Books
    MANAGEMENT JRU Library JRU Library SHELF-38-B 13/05/2016 250.00 658.4 1990 Books
    Reference JRU Library JRU Library Shelf - 13- D 13/05/2016 250.00 658.4 1991 Books
    MANAGEMENT JRU Library JRU Library SHELF-38-B 13/05/2016 250.00 658.4 1992 Books
    MANAGEMENT JRU Library JRU Library SHELF-75-J 13/05/2016 250.00 658.4 1993 Books
      JRU Library   SHELF - 19 - J 13/05/2016 250.00 658.4 1994 Books